| 000 | 00477nam a2200193Ia 4500 | ||
|---|---|---|---|
| 003 | LK-CoDNM | ||
| 005 | 20241204120249.0 | ||
| 008 | 010623t2005 xxu||||| |||| 00| 1 sin d | ||
| 040 |
_aLK-CoDNM _dLK-CoDNM _eLK-CoDNM |
||
| 041 | _asin | ||
| 080 | _a294.3 | ||
| 100 | _aSasuna | ||
| 245 | _aවම්මිත සූත්රය | ||
| 246 | _aWammika Sutraya | ||
| 260 |
_bSasuna _aBoralasgamuwa _c2005 |
||
| 300 | _b17p. ; 15 cm | ||
| 650 | _aBuddhism | ||
| 942 | _cBK | ||
| 999 |
_c125082 _d125082 |
||